|
|
|
|
| LEADER |
00000cam a2200000 7i4500 |
| 001 |
0000000313 |
| 005 |
20011123.0 |
| 020 |
0 |
0 |
|a 9679990699
|
| 090 |
0 |
0 |
|a R630.913
|b MACM 1991
|
| 100 |
1 |
0 |
|a MACMILLAN
|h H. F.
|c 1869-1948
|
| 245 |
1 |
0 |
|a Tropical planting and gardening
|c by H.F. Macmillan
|f revised by H.S. Barlow, I. Enoch and R.A. Russell
|
| 250 |
0 |
0 |
|a 6th ed.
|
| 260 |
0 |
0 |
|a Kuala Lumpur :
|b Malayan Nature Society ,
|c 1991
|
| 300 |
|
|
|a xi, 767 p. :
|b ill., map ;
|c 26 cm.
|
| 500 |
0 |
0 |
|a Bibliography: [p. 638-643] and index
|
| 650 |
0 |
0 |
|a Agriculture
|z Sri Lanka
|
| 650 |
0 |
0 |
|a Agriculture
|z Tropics
|
| 650 |
0 |
0 |
|a Gardening
|z Sri Lanka
|
| 650 |
0 |
0 |
|a Gardening
|z Tropics
|
| 650 |
0 |
0 |
|a Tropical plants
|
| 650 |
0 |
0 |
|a Tropical plants
|z Sri Lanka
|
| 700 |
0 |
1 |
|a Barlow
|h Henry Sackville
|
| 700 |
0 |
1 |
|a Enoch
|h I.
|
| 700 |
0 |
1 |
|a Russell
|h R. A.
|
| 710 |
1 |
1 |
|a Persatuan Pencinta Alam
|
| 998 |
|
|
|a JPSM
|
| 999 |
|
|
|a 0000001479
|b Monograph
|c Reference
|e Default branch
|